Регионална библиотека "Любен Каравелов" - Русе

Сила на волята (Запис номер 171779)

MARC детайли
000 -Лидер
Контролно поле с фиксирана дължина 01568nam a2200373 c 4500
003 - Код на организацията, давaща контролен номер
Контролно поле BLK
005 - Дата и час на последна редакция
Контролно поле 20180422114502.0
008 - Елементи от данни с фиксирана дължина
fixed length control field 180411b bul|||||r ||||||| ||bul||
010 ## - Наследен системен номер
LC control number KNG00180063000
020 ## - Международен стандартен номер на книга ISBN
Международен стандартен номер на книга ISBN 978-954-655-469-7
-- издат.: Бард
040 ## - Източник на каталожния запис
Идентификатор на билиотеката - собственик на записа BLK
041 ## - Код за език
Код за езика на текст/звукозапис или на отделно заглавие Български
Код за езика КДБФ Български
072 #7 - Код за тематичната категория
Код организация bullib
Код за тематична категория Н15
Текст Психология Н
080 ## - УДК
Текстов определител УДК Воля. Желание. Свобода на волята. Избор. Решение. Възпитаване на волята. Детерминация. Самодисциплина. Намерения. Подбуди. Желания
УДК код - определител по УДК 159.947
УДК определител
УДК - код + определител 159.947
100 1# - Редна дума - Автор
Автор Баумайстър, Рой Ф.
Авторска отговорност първи автор
R(LIN) 37112
139 ## - Редно поле
Редна дума Баумайстър, Рой Ф. и др.
Авторски знак Бау - Б 29
245 10 - Сведения за заглавието
Заглавие Сила на волята
Редно поле (дума) Рой Ф. Баумайстър; съавт. Джон Тиърни; прев. Анна Балева.
257 ## - Страна на издаване
Страна на създаване/издаване Съединени американски щати
260 ## - Област на издателските данни
-- София
Име на издателя, разпространителя и проч. Бард
Година на издаване 2014
Печатница Хасково : Полиграфюг
300 ## - Физическа характеристика
Страници 349 с.
Размери/Мащаб 20 см
380 ## - Жанр
Жанр Философия
500 ## - Общи забележки
Забележка Ориг. загл.: Willpower / Roy F. Baumeister, John Tierney. - Библиогр.: с. 325-348.
650 #4 - Допълнително описание по предмет – тема
Основно описание – тема или топоним Воля
9 (RLIN) 151246
653 ## - Ключова дума – ненормативна
Ключова дума воля
653 ## - Ключова дума – ненормативна
Ключова дума психология
659 ## - Тематичен бюлетин
Тематичен бюлетин Н
700 1# - Други автори (авторска отговорност)
Лично име Тиърни, Джон
Автороска отговорност (Описва отношението между автора и произведението) съавт.
9 (RLIN) 339052
700 1# - Други автори (авторска отговорност)
Лично име Балева, Анна
Автороска отговорност (Описва отношението между автора и произведението) прев.
9 (RLIN) 380662
852 ## - Местоположение
Форматна сигнатура Цб 276039
856 4# - Електронен адрес и достъп
Електронен формат pdf - файл
Път до файла /url/
856 4# - Електронен адрес и достъп
Електронен формат pdf - файл
Път до файла /url/
942 ## - АРТИКУЛИ
Вид на библиотечния материал Книги
Скрит в OPAC Не
944 ## - СЪЗДАВАНЕ И РЕДАКЦИЯ на ЗАПИСА
Създаване/Редакция Създаване
Дата на регистрацията/редакция 20.08.2015
Служител, извършил регистрацията/редакцията Виолета_Тройчева
944 ## - СЪЗДАВАНЕ И РЕДАКЦИЯ на ЗАПИСА
Създаване/Редакция Редакция
Дата на регистрацията/редакция 04.12.2015
Служител, извършил регистрацията/редакцията Грета_Цуфелде
999 ## - СИСТЕМНИ КОНТРОЛНИ НОМЕРА
Koha biblionumber 171779
Koha biblioitemnumber 171779
Наличности
Код за отписване Код за изгубен артикул Код за повреда Коз за рестрикции Код за отдаване Артикулен № Име на библиотеката - собственик Име на библиотеката, в която се намира в момента Статус (Текущо местоположение) Дата на вписване в системата Местоположение - отдел Цена в лева Инвентарен номер Систематично азбучна сигнатура Баркод Номер на екземпляра Цена в евро Служебна бележка Служебен тип на артикула
  Не е изгубен Не е повреден без рестрикции ползва се в читалня 292313 Регионална библиотека "Любен Каравелов" Русе Регионална библиотека "Любен Каравелов" Русе Хранилище 2015-08-22 Хранилище 15.99 120000791209 Цб 276039 120000791209 1 8.18 Дост: Dp Вид: Д N: 18 Дата: 16.04.2015 Книги
Vip Innovations Ltd, Rousse, Bulgaria 2025